| 000 | 00581nam a2200229Ia 4500 | ||
|---|---|---|---|
| 003 | GCL | ||
| 008 | 140319s9999 xx 000 0 eng d | ||
| 040 |
_aGCL / _cGCL |
||
| 082 | 0 | 4 |
_aCC _b930.132 _bB E |
| 100 | 1 | _aBAIKIE, JAMES | |
| 245 | 1 | 0 |
_aEGYPTIAN ANTIQUITIES IN THE NILE VALLEY / _cBAIKIE, JAMES |
| 260 |
_a[S.N] : _bMETHUEN AND CO L T D ، _c1932 |
||
| 300 | _a874 P | ||
| 650 | 0 | 4 | _aTOMBS |
| 650 | 0 | 4 | _aSPHINX |
| 650 | 0 | 4 | _aحسن فتحى |
| 650 | 0 | 4 | _aEGYPTOLOGY |
| 650 | 0 | 4 | _aTEMPLES |
| 650 | 0 | 4 | _aPHARAOHS |
| 650 | 0 | 4 | _aEGYPT - ANTIQUITIES |
| 942 |
_2ddc _cBK |
||
| 999 |
_c20436 _d20436 |
||